Statistics for 10 Most Notorious Prisons in the U.S.

Click here to take the quiz!

General Stats

  • This quiz has been taken 97 times
  • The average score is 3 of 10

Answer Stats

#(In)Famous inmatesState(In)Famous Jail% Correct
2Stanley "Tookie" WilliamsCaliforniaSan Quentin State Prison
53%
9Lil Wayne, Tupac Shakur, David Berkowitz (Son of Sam)New YorkRikers Island
50%
3Charles "Lucky" LucianoNew YorkSing Sing
50%
8"The Angola 3 "LouisianaLouisiana State Penitentiary
38%
6Suge Knight, Charles Manson, Rick JamesCaliforniaFolsom State Prison
33%
5Tupac Shakur, Mark David Chapman, David BerkowitzNew YorkAttica Correctional Facility
24%
1Ted "Unabomber" Kaczynsky, Timothy McVeighFloridaADX Florence Facility
23%
7Michael Vick, George "Machine Gun" KellyKansasLeavenworth Federal Penitentiary
23%
4Michael Vick, Bernie Madoff, Big MeechGeorgiaUnited States Penitentiary Atlanta
17%
10John Gotti, Pete RoseIllinoisUnited States Penitentiary Marion
14%

Score Distribution

Percentile by Number Answered

Percent of People with Each Score

Your Score History

You have not taken this quiz